00785nam a2200205 a 450000100100000000500170001000800410002702000150006804000200008308200150010310000350011824501050015325000110025826000470026930000280031650000730034450400320041795201130044999900170056200004301320201002040554.0140217s1981 enka 000 0 spa d a0801409381 aDO-SdBNPcBNPHU axxxxbxxxx1 aRussell, Jeffrey Burton97053310aThe devil :bperceptions of evil from antiquity to primitive christianity /cJeffrey Burton Russell. a2a ed. aLondon :bCornell University Press,c1981. a276 p. :bil. ;c23 cm. aIncluye referencias bibliográficas y notas al pie de las páginas aBibliografía : p. 261-270 001050718MOaGRbGRcCTd2014-02-17iLF1l0oxxxx xxxxp43013-10r2020-06-25w2020-06-25y1ZNo se presta c42502d42502